Artificial intelligence and social work (Record no. 25650)

MARC details
000 -LEADER
fixed length control field 00712nam a22002177a 4500
003 - CONTROL NUMBER IDENTIFIER
control field OSt
005 - DATE AND TIME OF LATEST TRANSACTION
control field 20221101130251.0
008 - FIXED-LENGTH DATA ELEMENTS--GENERAL INFORMATION
fixed length control field 221101b |||||||| |||| 00| 0 eng d
020 ## - INTERNATIONAL STANDARD BOOK NUMBER
International Standard Book Number 9781108669016
245 ## - TITLE STATEMENT
Title Artificial intelligence and social work
Statement of responsibility, etc Edited by Milind Tambe and Eric Rice
260 ## - PUBLICATION, DISTRIBUTION, ETC. (IMPRINT)
Name of publisher, distributor, etc Cambridge university press
Date of publication, distribution, etc 2018
440 ## - SERIES STATEMENT/ADDED ENTRY--TITLE
Title Artificial intelligence for social good
653 ## - INDEX TERM--UNCONTROLLED
Uncontrolled term Computer Science
653 ## - INDEX TERM--UNCONTROLLED
Uncontrolled term Social policy and social work
653 ## - INDEX TERM--UNCONTROLLED
Uncontrolled term Artificial intelligence and natural language processing
653 ## - INDEX TERM--UNCONTROLLED
Uncontrolled term Sociology
700 ## - ADDED ENTRY--PERSONAL NAME
Personal name Tambe, Milind
Relator term Editor
700 ## - ADDED ENTRY--PERSONAL NAME
Personal name Rice, Eric
Relator term Editor
856 ## - ELECTRONIC LOCATION AND ACCESS
Uniform Resource Identifier <a href="https://doi.org/10.1017/9781108669016">https://doi.org/10.1017/9781108669016</a>
942 ## - ADDED ENTRY ELEMENTS (KOHA)
Source of classification or shelving scheme Dewey Decimal Classification
Koha item type E-book
Holdings
Withdrawn status Lost status Source of classification or shelving scheme Damaged status Not for loan Home library Current library Date acquired Total Checkouts Barcode Date last seen Price effective from Koha item type
    Dewey Decimal Classification     Central University Of Rajasthan Central University Of Rajasthan 01/11/2022   EB3313 01/11/2022 01/11/2022 E-book